सिद्धार्थ / (Record no. 117800)

MARC details
000 -LEADER
fixed length control field 01045nam a22002657a 4500
005 - DATE AND TIME OF LATEST TRANSACTION
control field 20170124103101.0
010 ## - LIBRARY OF CONGRESS CONTROL NUMBER
LC control number A-592684
020 ## - INTERNATIONAL STANDARD BOOK NUMBER
Terms of availability 55.00
035 ## - SYSTEM CONTROL NUMBER
System control number A-592684
037 ## - SOURCE OF ACQUISITION
Source of stock number/acquisition Cen Lib/Ret
040 ## - CATALOGING SOURCE
Original cataloging agency DPL
Language of cataloging HN
082 ## - DEWEY DECIMAL CLASSIFICATION NUMBER
Classification number
Item number सिद्धार्थ
100 ## - MAIN ENTRY--PERSONAL NAME
Personal name सिद्धार्थ
9 (RLIN) 76869
245 ## - TITLE STATEMENT
Title सिद्धार्थ /
Statement of responsibility, etc अनुवादक महावीर अधिकारी
246 ## - VARYING FORM OF TITLE
Title proper/short title Sidharath /
Remainder of title anuvadak Mahaveer Adhikari
260 ## - PUBLICATION, DISTRIBUTION, ETC. (IMPRINT)
Place of publication, distribution, etc दिल्ली
Name of publisher, distributor, etc आत्माराम एंड संस
Date of publication, distribution, etc 1992
270 ## - ADDRESS
Address कश्मीरी गेट
City दिल्ली
Postal code 110006
300 ## - PHYSICAL DESCRIPTION
Extent 143पृ.
Dimensions 16सेमी (सजिल्द)
650 ## - SUBJECT ADDED ENTRY--TOPICAL TERM
Topical term or geographic name as entry element साहित्य--कथा
9 (RLIN) 42948
650 ## - SUBJECT ADDED ENTRY--TOPICAL TERM
Topical term or geographic name as entry element स्विस --उपन्यास
9 (RLIN) 76870
650 ## - SUBJECT ADDED ENTRY--TOPICAL TERM
Topical term or geographic name as entry element Literature--Fiction
9 (RLIN) 76871
650 ## - SUBJECT ADDED ENTRY--TOPICAL TERM
Topical term or geographic name as entry element Swis- Novel
9 (RLIN) 76872
700 ## - ADDED ENTRY--PERSONAL NAME
Personal name अधिकारी, महावीर
9 (RLIN) 76873
942 ## - ADDED ENTRY ELEMENTS (KOHA)
Source of classification or shelving scheme Dewey Decimal Classification
Koha item type Hindi Books
Classification part
Call number suffix सिद्धार्थ
Holdings
Withdrawn status Lost status Damaged status Not for loan Home library Current library Date acquired Source of acquisition Cost, normal purchase price Total Checkouts Full call number Barcode Date last seen Date checked out Copy number Cost, replacement price Price effective from Koha item type
        Central Library Central Library 08/09/2015 Cen Lib/Ref 55.00 1 उ सिद्धार्थ A-592684 18/07/2017 06/07/2017 1 55.00 08/09/2015 Hindi Books

© Delhi Public Library
Hit Counter
free hit counter